| 000 | 00901nam a2200253 a 4500 | ||
|---|---|---|---|
| 999 |
_c490166 _d490166 |
||
| 003 | BLK | ||
| 005 | 20241010101727.0 | ||
| 008 | 230324b bu |||||||||| 00| | bu d | ||
| 020 | _a9786197535280 | ||
| 040 | _aBLK | ||
| 041 |
_aBUL _cBUL |
||
| 080 |
_aМакедонска литература _b821.163.3 _x-31 _z821.163.3-31 |
||
| 100 |
_91299 _aПетревски, Горян _eпърви автор |
||
| 139 |
_aПетревски, Горян _bП 46 |
||
| 245 |
_aСама _bроман _cГорян Петревски ; прев. от макед. Деница Проданова |
||
| 260 |
_9401515 _aСофия _bКниги за всички _c2021 |
||
| 300 |
_a224 с. _c20 см |
||
| 380 | _aX | ||
| 700 |
_91085 _aПроданова, Деница _eпрев. от макед. |
||
| 856 |
_i0.00 _ldisable |
||
| 942 |
_cKNG _n0 _s1 _06 |
||
| 944 |
_aCR _c2023-03-24 _k30575 _lМартин Енчев |
||
| 999 | _d490166 | ||